| 000 | 00787nam a22001817a 4500 | ||
|---|---|---|---|
| 999 |
_c61870 _d61870 |
||
| 003 | Ge_BSU | ||
| 005 | 20240530172530.0 | ||
| 008 | 240530s1891 ge ||||| |||| 00| 0 geo d | ||
| 041 | _ageo | ||
| 080 | _a615.89 დ-20 | ||
| 100 |
_aღამბაშიძე, დავით _922257 |
||
| 245 |
_aსახალხო საექიმო წიგნი, კარაბადინი / _cშედგენილი დეკანოზის დავით ღამბაშიძის მიერ. |
||
| 250 | _aმე-2 გამოცემა, დამატებით. | ||
| 264 |
_aКутаисъ, _c1893. |
||
| 300 |
_a334 გვ. ; _b21 სმ. |
||
| 653 | _aქართული ხალხური მედიცინა. | ||
| 942 |
_2udc _cᲬᲘᲒᲜᲘ |
||